000 00253nam a22001217a 4500
008 181003b xxu||||| |||| 00| 0 eng d
041 _aeng
080 _a902
100 _a45
101 _aARK
245 _aWorld Mythology
_cGrimal,P
942 _2udc
_cBK
999 _c48804
_d48804